4 à la suite - Les paysages des parcs nationaux américains - Statistiques

Statistiques générales
  • Ce quiz a été pris 28 fois
  • Le résultat moyen est 5 sur 12
Statistiques - réponses
Réponse % Correct
Yellowstone
92%
Le Grand Canyon
83%
Le sequoia (parc naturel de Sequoia)
83%
Les Everglades
50%
La mangrove
42%
La vallée de la mort
42%
Theodore Roosevelt
38%
Joshua Tree (arbre de Josué)
13%
Les Badlands
8%
Les glaciers
8%
Haleakala
4%
Capitol Reef
0%
Aucun quiz correspondant
Distribution des résultats
% des personnes avec chaque résultat
Percentile par nombre de réponses
Votre historique - résultats
Vous n’avez pas pris ce quiz